000 00524nam a2200157 4500
001 123870
003 ES-MaACL
005 20230906192250.0
007 t|
008 070214s19631964xxu r ||||1| spa d
110 2 _aAteneo Puertorriqueño (Nueva York)
_92056
245 1 0 _aActividades culturales del Ateneo Puertorriqueño de Nueva York
_b: Informe de la Presidencia /
_cDiana Ramírez de Arellano.
260 _aNueva York :
_b[s. n.],
_c1963-64.
300 _a18 p. ;
_c24 cm.
852 _aES-MaACL
_j2043-F-14
_bR.54708
999 _c123870
_d123870